Départements du Nicaragua - Statistiques

Statistiques générales
  • Ce quiz a été pris 74 fois
  • Le résultat moyen est 11 sur 17
Réponses sur la Carte
Les réponses sont colorées sur une échelle allant du rouge au vert en fonction du pourcentage des utilisateurs qui les ont devinées à leur premier essai. Vous pouvez retrouver ces pourcentages ci-dessous.
 
Statistiques - réponses
Réponse % Correct
Managua
91%
Atlántico Norte
82%
Atlántico Sur
82%
León
73%
Estelí
64%
Granada
64%
Jinotega
64%
Madriz
64%
Masaya
64%
Boaco
55%
Chinandega
55%
Chontales
55%
Matagalpa
55%
Río San Juan
55%
Rivas
55%
Carazo
45%
Nueva Segovia
45%
Aucun quiz correspondant
Distribution des résultats
% des personnes avec chaque résultat
Percentile par nombre de réponses
Votre historique - résultats
Vous n’avez pas pris ce quiz